[Event "I Festival A"]
[Site "Arconate ITA"]
[Date "1999.03.13"]
[Round "3"]
[White "Ponti, Lorenzo"]
[Black "Ottolini, Graziano"]
[Result "1/2-1/2"]
[WhiteElo "1825"]
[BlackElo "1815"]
[PlyCount "26"]
[EventDate "1999.03.11"]

1. d4 g6 2. Nf3 Nf6 3. Bg5 Bg7 4. e3 O-O 5. Bd3 d5 6. Nbd2 Nbd7 7. O-O c5 8. c3
b6 9. Qe2 Bb7 10. e4 dxe4 11. Nxe4 Nxe4 12. Bxe4 Bxe4 13. Qxe4 Nf6 1/2-1/2

[Event "I Festival A"]
[Site "Arconate ITA"]
[Date "1999.03.13"]
[Round "3"]
[White "Rigo, Gianfrancesco"]
[Black "Sala, Gianni"]
[Result "1-0"]
[WhiteElo "2022"]
[BlackElo "2047"]
[PlyCount "77"]
[EventDate "1999.03.11"]

1. Nf3 Nf6 2. b3 g6 3. Bb2 Bg7 4. g3 b6 5. e4 Bb7 6. e5 Ne4 7. Bg2 Ng5 8. O-O
Nxf3+ 9. Bxf3 Bxf3 10. Qxf3 Nc6 11. d4 O-O 12. Re1 e6 13. Ba3 Re8 14. c3 Ne7
15. Nd2 d5 16. Rad1 Rc8 17. h4 h5 18. Qf4 Nf5 19. Nf3 Bh6 20. Ng5 Qd7 21. Qf3
c5 22. dxc5 bxc5 23. Bc1 Bg7 24. g4 hxg4 25. Qxg4 Nh6 26. Qh3 Qe7 27. Rd3 c4
28. Rf3 Rf8 29. h5 Rc6 30. bxc4 Rxc4 31. hxg6 Rg4+ 32. Rg3 Rxg3+ 33. Qxg3 fxg6
34. c4 Qb4 35. Rd1 Qxc4 36. Nxe6 Qe2 37. Rf1 Rf5 38. Bxh6 Qxe5 39. Nxg7 1-0

[Event "I Festival A"]
[Site "Arconate ITA"]
[Date "1999.03.13"]
[Round "3"]
[White "Sbarra, Marco"]
[Black "Everet, Alexandro"]
[Result "1-0"]
[WhiteElo "2269"]
[BlackElo "2253"]
[PlyCount "109"]
[EventDate "1999.03.11"]

1. d4 Nf6 2. c4 g6 3. Nc3 Bg7 4. e4 d6 5. Nf3 O-O 6. Be2 Re8 7. O-O c6 8. Be3
Qc7 9. Nd2 e5 10. d5 Nbd7 11. b4 h6 12. Rc1 g5 13. c5 dxc5 14. bxc5 Nh7 15. Nc4
Ndf8 16. Nd6 Rd8 17. Bc4 b5 18. Bb3 b4 19. Ne2 Nf6 20. Ng3 cxd5 21. exd5 Ng6
22. Ndf5 Bf8 23. d6 Qc6 24. Ba4 Qa6 25. c6 Bxf5 26. Nxf5 Bxd6 27. Nxd6 Ne4 28.
Bb5 Qxa2 29. c7 Rxd6 30. c8=Q+ Rxc8 31. Rxc8+ Kg7 32. Qc2 Qxc2 33. Rxc2 Nc3 34.
Bc4 a5 35. h3 Rc6 36. Bb3 Nf4 37. Ra1 Ra6 38. Kf1 Ra8 39. g3 Nxh3 40. Bd2 Nb5
41. Rc5 Nd4 42. Bd5 Rb8 43. Rcxa5 Rb6 44. Rb1 Rf6 45. Be1 Nc2 46. Rb2 Ne3+ 47.
Ke2 Ng4 48. Rxb4 Ngxf2 49. Bxf2 Rxf2+ 50. Ke3 h5 51. Rb7 g4 52. Raa7 Kh6 53.
Rxf7 Rb2 54. Ra6+ Kg5 55. Rg7+ 1-0

[Event "I Festival A"]
[Site "Arconate ITA"]
[Date "1999.03.13"]
[Round "4"]
[White "Everet, Alexandro"]
[Black "Rigo, Gianfrancesco"]
[Result "1-0"]
[WhiteElo "2253"]
[BlackElo "2022"]
[PlyCount "63"]
[EventDate "1999.03.11"]

1. d4 e6 2. e4 d5 3. e5 c5 4. c3 Nc6 5. Be3 Nge7 6. Bd3 Qb6 7. dxc5 Qxb2 8. Nf3
Na5 9. O-O Bd7 10. Bc1 Qxa1 11. Qc2 d4 12. cxd4 Nd5 13. Bd2 Nc6 14. Nc3 Ndb4
15. Qb3 Qxf1+ 16. Bxf1 Rb8 17. Nb5 Nd5 18. Bc4 a6 19. Nd6+ Bxd6 20. cxd6 O-O
21. Bxd5 exd5 22. Qxd5 Be6 23. Qe4 Bxa2 24. Ng5 g6 25. Qh4 h5 26. Ne4 Kg7 27.
Qf6+ Kh7 28. Ng5+ Kg8 29. Bc3 b5 30. d5 b4 31. e6 bxc3 32. exf7+ 1-0

[Event "I Festival A"]
[Site "Arconate ITA"]
[Date "1999.03.13"]
[Round "4"]
[White "Ottolini, Graziano"]
[Black "Barlocco, Carlo"]
[Result "0-1"]
[WhiteElo "1815"]
[BlackElo "2245"]
[PlyCount "130"]
[EventDate "1999.03.11"]

1. Nf3 Nf6 2. g3 d5 3. Bg2 e6 4. c4 Be7 5. b3 O-O 6. Bb2 c5 7. cxd5 Nxd5 8. Nc3
Bf6 9. e4 Nb4 10. O-O N8c6 11. Na4 Bxb2 12. Nxb2 b6 13. e5 Ba6 14. Re1 Rc8 15.
Nc4 Bxc4 16. bxc4 Qd3 17. Bf1 Qc2 18. a3 Qxd1 19. Rexd1 Nc2 20. Ra2 N2d4 21.
Nxd4 Nxd4 22. f4 Rfd8 23. d3 Nc6 24. Bg2 Na5 25. Bf3 Rd4 26. Raa1 Rcd8 27. Be2
g5 28. Rf1 Kg7 29. Rf2 Nc6 30. Raf1 gxf4 31. gxf4 Ne7 32. Rg2+ Kf8 33. Rg3 Nf5
34. Rh3 h6 35. Rf2 Kg7 36. Rg2+ Kh7 37. Rf2 b5 38. cxb5 Rb8 39. Bh5 Kg7 40.
Rg2+ Kf8 41. Bg4 Rxb5 42. Rc2 Rxf4 43. Bxf5 Rxf5 44. Rxh6 Rxe5 45. Rh8+ Kg7 46.
Rc8 Rb3 47. a4 Ra3 48. Rg2+ Kf6 49. Rf2+ Rf5 50. Rxf5+ Kxf5 51. Rxc5+ Kf4 52.
Kf2 Ra2+ 53. Ke1 Rxh2 54. Rc7 f5 55. Rxa7 Ke3 56. Kf1 e5 57. a5 Kxd3 58. a6 f4
59. Rb7 Ra2 60. a7 f3 61. Rb3+ Ke4 62. Rb4+ Ke3 63. Rb3+ Kf4 64. Rb7 e4 65. Rb3
Rxa7 0-1

[Event "I Festival A"]
[Site "Arconate ITA"]
[Date "1999.03.14"]
[Round "5"]
[White "Barlocco, Carlo"]
[Black "Everet, Alexandro"]
[Result "1-0"]
[WhiteElo "2245"]
[BlackElo "2253"]
[PlyCount "117"]
[EventDate "1999.03.11"]

1. c4 g6 2. Nf3 Bg7 3. g3 Nf6 4. Bg2 d6 5. O-O c6 6. Nc3 Bg4 7. h3 Bd7 8. d4
Na6 9. e4 h6 10. b3 Qc7 11. e5 dxe5 12. Nxe5 Be6 13. Re1 O-O-O 14. Nxg6 Rhg8
15. Ba3 Rge8 16. Rc1 Qd7 17. Nxe7+ Rxe7 18. d5 Ree8 19. dxe6 Qc7 20. exf7 Qxf7
21. Qf3 Nc7 22. Ne4 Kb8 23. Bb2 Rf8 24. Nxf6 Bxf6 25. Qxf6 Qxf6 26. Bxf6 Rxf6
27. Rcd1 Rdf8 28. f4 R6f7 29. Rd6 Rh8 30. Red1 Na6 31. Rd7 Rxd7 32. Rxd7 Kc8
33. Rd2 Kc7 34. g4 Nc5 35. Kf2 a5 36. f5 h5 37. Kg3 hxg4 38. hxg4 Nd7 39. g5 a4
40. f6 axb3 41. axb3 Rf8 42. Rf2 Ne5 43. Be4 Kd6 44. g6 Ke6 45. g7 Rd8 46. Bh7
Kf7 47. g8=Q+ Rxg8+ 48. Bxg8+ Kxg8 49. Re2 Ng6 50. Kg4 Kf7 51. Kg5 b5 52. c5 b4
53. Re4 Nf8 54. Re7+ Kg8 55. Kf5 Kh8 56. Rg7 Nh7 57. Rxh7+ Kxh7 58. Ke6 Kg8 59.
Ke7 1-0

[Event "I Festival A"]
[Site "Arconate ITA"]
[Date "1999.03.14"]
[Round "5"]
[White "Ponti, Lorenzo"]
[Black "Mazzini, Antonio"]
[Result "1/2-1/2"]
[WhiteElo "1825"]
[BlackElo "1981"]
[PlyCount "97"]
[EventDate "1999.03.11"]

1. d4 Nf6 2. Nf3 g6 3. Bg5 Bg7 4. e3 h6 5. Bh4 O-O 6. Bd3 c5 7. c3 b6 8. Qe2
Nc6 9. Nbd2 Bb7 10. O-O d5 11. Rad1 cxd4 12. exd4 Nh5 13. Bg3 Nxg3 14. fxg3 Qd6
15. Rde1 Rac8 16. Ne5 Rc7 17. Ndf3 Bc8 18. Nxc6 Qxc6 19. Ne5 Qd6 20. Rf2 Bxe5
21. dxe5 Qe6 22. Qe3 Kg7 23. Rf4 Qc6 24. Ref1 Qc5 25. Rd4 f5 26. g4 e6 27. gxf5
exf5 28. g4 fxg4 29. Rxf8 Qxf8 30. Rxd5 Re7 31. Rd6 Re6 32. Rxe6 Bxe6 33. Qd4
Qc5 34. a3 Kf7 35. Kf2 Bf5 36. Bc4+ Be6 37. Bd3 Bf5 38. Bc4+ Ke7 39. Ke3 g5 40.
b4 Qxd4+ 41. cxd4 h5 42. d5 h4 43. d6+ Kd7 44. Kf2 Be4 45. Be2 Bf5 46. Bc4 Kc6
47. Kg1 a5 48. Kf2 axb4 49. axb4 1/2-1/2

[Event "I Festival A"]
[Site "Arconate ITA"]
[Date "1999.03.14"]
[Round "5"]
[White "Rigo, Gianfrancesco"]
[Black "Ottolini, Graziano"]
[Result "0-1"]
[WhiteElo "2022"]
[BlackElo "1815"]
[PlyCount "66"]
[EventDate "1999.03.11"]

1. Nf3 Nf6 2. b3 g6 3. Bb2 Bg7 4. g3 d5 5. Bg2 O-O 6. O-O c5 7. d3 Nc6 8. Nbd2
Re8 9. e4 Nxe4 10. Bxg7 Nxd2 11. Qxd2 Kxg7 12. Qc3+ e5 13. Qxc5 Bg4 14. c4 Rc8
15. Qe3 e4 16. dxe4 Rxe4 17. Qd3 Bxf3 18. Qxf3 Rd4 19. Qc3 dxc4 20. Rad1 Kg8
21. Rxd4 Nxd4 22. Qe3 Nf5 23. Qc3 b5 24. Rc1 a5 25. Bf1 b4 26. Qf3 c3 27. Bc4
Qg5 28. Re1 c2 29. Qf4 Qxf4 30. gxf4 Rd8 31. Be2 Nd4 32. Kf1 Nxe2 33. Kxe2 Re8+
0-1

[Event "I Festival A"]
[Site "Arconate ITA"]
[Date "1999.03.14"]
[Round "5"]
[White "Sbarra, Marco"]
[Black "Sala, Gianni"]
[Result "1-0"]
[WhiteElo "2269"]
[BlackElo "2047"]
[PlyCount "73"]
[EventDate "1999.03.11"]

1. d4 Nf6 2. c4 g6 3. Nc3 d5 4. cxd5 Nxd5 5. e4 Nxc3 6. bxc3 c5 7. Bc4 Bg7 8.
Ne2 O-O 9. O-O Nc6 10. Be3 cxd4 11. cxd4 Bg4 12. f3 Na5 13. Bd5 Bd7 14. Rb1 Rb8
15. Bf4 e5 16. dxe5 Be6 17. Bxe6 fxe6 18. Qd6 Qe8 19. Qc7 Nc6 20. Rxb7 Rxb7 21.
Qxb7 Nxe5 22. Qxa7 Nd3 23. Be3 Qc8 24. Qa4 Kh8 25. Qb3 Qa6 26. Rd1 Nb2 27. Re1
Ra8 28. Bd4 Bxd4+ 29. Nxd4 Nd3 30. Rd1 Nf4 31. g3 Ne2+ 32. Nxe2 Qxe2 33. Qc3+
Kg8 34. Rd7 e5 35. Rd2 Qe1+ 36. Kg2 Rb8 37. Rd8+ 1-0

[Event "I Festival A"]
[Site "Arconate ITA"]
[Date "1999.03.14"]
[Round "6"]
[White "Everet, Alexandro"]
[Black "Ponti, Lorenzo"]
[Result "1-0"]
[WhiteElo "2253"]
[BlackElo "1825"]
[PlyCount "59"]
[EventDate "1999.03.11"]

1. d4 d5 2. c4 c6 3. Nc3 e6 4. Nf3 Nf6 5. Bf4 Be7 6. e3 Nbd7 7. c5 Nh5 8. Bg3
Nxg3 9. hxg3 e5 10. dxe5 Nxc5 11. Qc2 g6 12. Nd4 f6 13. exf6 Bxf6 14. O-O-O O-O
15. b4 Bxd4 16. Rxd4 Bf5 17. Qd2 Ne6 18. Rdh4 g5 19. Rh6 Rf6 20. Bd3 Rxh6 21.
Rxh6 Bxd3 22. Qxd3 Qe7 23. a3 Rd8 24. f4 Re8 25. Kd2 Qg7 26. Rh5 d4 27. exd4
gxf4 28. Ne4 Re7 29. Kc3 Nxd4 30. Rg5 1-0

[Event "I Festival A"]
[Site "Arconate ITA"]
[Date "1999.03.14"]
[Round "6"]
[White "Mazzini, Antonio"]
[Black "Rigo, Gianfrancesco"]
[Result "0-1"]
[WhiteElo "1981"]
[BlackElo "2022"]
[PlyCount "99"]
[EventDate "1999.03.11"]

1. d4 e6 2. g3 f5 3. Bg2 Nf6 4. Nh3 Be7 5. O-O O-O 6. c4 d6 7. Nc3 c6 8. b4 a6
9. Qb3 Kh8 10. Rd1 Qe8 11. Bf4 h6 12. c5 d5 13. a4 g5 14. Bc7 Nbd7 15. b5 Ne4
16. Nxe4 fxe4 17. bxc6 bxc6 18. Rac1 Bf6 19. f3 exf3 20. Bxf3 e5 21. Bd6 Rg8
22. dxe5 Nxe5 23. Bg2 Nc4 24. Nf2 Ra7 25. e4 Rb7 26. Qf3 Bb2 27. Rc2 Qg6 28.
Qd3 Re8 29. Rb1 Bg7 30. Rxb7 Bxb7 31. Bc7 Re7 32. Bb6 Ne5 33. Qb3 d4 34. a5 Bc8
35. Bf1 Qh5 36. Be2 g4 37. Bd8 Be6 38. Qb8 Re8 39. Qd6 Nf3+ 40. Bxf3 gxf3 41.
Qxc6 Rxd8 42. Qxe6 d3 43. Rd2 Qxc5 44. Qb6 Qg5 45. Rd1 Bd4 46. Qxa6 Qe3 47. Rf1
d2 48. e5 Qxf2+ 49. Rxf2 d1=Q+ 50. Qf1 0-1

[Event "I Festival A"]
[Site "Arconate ITA"]
[Date "1999.03.14"]
[Round "6"]
[White "Ottolini, Graziano"]
[Black "Sbarra, Marco"]
[Result "1-0"]
[WhiteElo "1815"]
[BlackElo "2269"]
[PlyCount "83"]
[EventDate "1999.03.11"]

1. Nf3 d5 2. g3 Nf6 3. Bg2 Bf5 4. c4 c6 5. b3 e6 6. Bb2 Nbd7 7. d3 h6 8. Nbd2
Be7 9. O-O O-O 10. Nh4 Bh7 11. f4 Ng4 12. Rf3 Qb6+ 13. d4 Be4 14. Nxe4 dxe4 15.
Rc3 Bb4 16. Bxe4 Bxc3 17. Bxc3 e5 18. Bf5 Ne3 19. Qd3 Nxf5 20. Nxf5 Rad8 21.
Qd2 Rfe8 22. Ba5 Qa6 23. Bxd8 Rxd8 24. dxe5 Qb6+ 25. Qe3 Nc5 26. Nd6 f6 27. Kg2
Ne6 28. Qf3 Qd4 29. Qg4 Nc5 30. Nf5 Qe4+ 31. Kh3 Ne6 32. Qg6 Kf8 33. exf6 Rd7
34. fxg7+ Nxg7 35. Qf6+ Kg8 36. Nxg7 Rxg7 37. Rd1 Kh7 38. Rd6 Kg8 39. Qe6+
Qxe6+ 40. Rxe6 Rd7 41. e4 Rd2 42. Re7 1-0

[Event "I Festival A"]
[Site "Arconate ITA"]
[Date "1999.03.14"]
[Round "6"]
[White "Sala, Gianni"]
[Black "Barlocco, Carlo"]
[Result "1-0"]
[WhiteElo "2047"]
[BlackElo "2245"]
[PlyCount "85"]
[EventDate "1999.03.11"]

1. e4 e5 2. Nf3 Nc6 3. Bb5 Bc5 4. O-O Nf6 5. d3 d6 6. h3 O-O 7. Nc3 a6 8. Bxc6
bxc6 9. Be3 Nd7 10. Ne2 Rb8 11. b3 Bxe3 12. fxe3 f5 13. exf5 Rxf5 14. Ng3 Rf8
15. Qe2 Qe7 16. Rf2 Nc5 17. Raf1 Bd7 18. Nd2 d5 19. e4 Rxf2 20. Rxf2 g6 21. Nf3
Re8 22. Qe3 dxe4 23. dxe4 Bc8 24. Qh6 Rf8 25. Qe3 Qd6 26. Rd2 Qe7 27. Qc3 Re8
28. Qe3 Nb7 29. Nh1 Nd6 30. Nf2 Bb7 31. Qa7 c5 32. Qxc5 Nxe4 33. Nxe4 Qf7 34.
Qe3 Qf5 35. Re2 Rd8 36. Re1 a5 37. Ng3 Qxc2 38. Qxe5 Bxf3 39. gxf3 Rd2 40. Qe8+
Kg7 41. Re7+ Kh6 42. Qf8+ Kg5 43. Ne4+ 1-0

[Event "V Weekend A"]
[Site "Ivrea ITA"]
[Date "1999.03.??"]
[Round "?"]
[White "Castaldo, Folco"]
[Black "Fongarolli, Diego"]
[Result "1-0"]
[WhiteElo "2192"]
[BlackElo "1798"]
[PlyCount "65"]
[EventDate "1999.03.06"]

1. e4 c5 2. c3 d5 3. exd5 Qxd5 4. d4 e6 5. Nf3 Nf6 6. Bd3 Nc6 7. O-O Be7 8. c4
Qd8 9. dxc5 Bxc5 10. Nc3 O-O 11. Bg5 h6 12. Bh4 Nb4 13. Be2 Qxd1 14. Rfxd1 Nc6
15. a3 a5 16. Na4 Ba7 17. b4 e5 18. c5 e4 19. Nd2 Nd4 20. Bc4 Bg4 21. Rdc1 Rfe8
22. Nb3 Nxb3 23. Bxb3 Be6 24. Bxe6 Rxe6 25. Nc3 Bb8 26. Bxf6 gxf6 27. Nd5 Be5
28. Rab1 axb4 29. axb4 Ra2 30. b5 Bd4 31. Ne3 Bxe3 32. fxe3 Kg7 33. c6 1-0

[Event "V Weekend A"]
[Site "Ivrea ITA"]
[Date "1999.03.??"]
[Round "?"]
[White "Pepino, Enrico"]
[Black "Castaldo, Folco"]
[Result "0-1"]
[WhiteElo "1906"]
[BlackElo "2192"]
[PlyCount "74"]
[EventDate "1999.03.06"]

1. e4 e6 2. d4 d5 3. Nc3 Nf6 4. Bg5 Bb4 5. e5 h6 6. Bd2 Bxc3 7. bxc3 Ne4 8. Nf3
c5 9. Bd3 Nc6 10. O-O Bd7 11. Re1 Nxd2 12. Qxd2 c4 13. Bf1 Qe7 14. a4 O-O-O 15.
a5 g5 16. Qc1 Rdg8 17. Qb2 Nb8 18. Reb1 Bc6 19. Qb4 Qf8 20. g3 Na6 21. Qxf8+
Rxf8 22. h4 Rhg8 23. hxg5 hxg5 24. Re1 Nc7 25. Nh2 f5 26. exf6 Rxf6 27. Ng4 Rf3
28. Re3 Rxe3 29. fxe3 Nb5 30. Bh3 Rf8 31. Rf1 Rxf1+ 32. Kxf1 Nxc3 33. Ne5 Bd7
34. Nf7 Ne4 35. g4 Be8 36. Ne5 b6 37. axb6 a5 0-1

[Event "V Weekend A"]
[Site "Ivrea ITA"]
[Date "1999.03.??"]
[Round "4"]
[White "Faraoni, Enrico"]
[Black "Ranieri, Fabrizio"]
[Result "0-1"]
[WhiteElo "2190"]
[BlackElo "2166"]
[PlyCount "72"]
[EventDate "1999.03.06"]

1. a3 e6 2. f4 b6 3. e4 Bb7 4. Nc3 d5 5. Bb5+ c6 6. Be2 d4 7. Nb1 Nf6 8. d3 c5
9. Nh3 Be7 10. O-O Nc6 11. a4 a6 12. Na3 O-O 13. Bd2 Nd7 14. Bf3 e5 15. f5 Nb4
16. g4 f6 17. Kh1 Bc6 18. Rg1 Bxa4 19. g5 fxg5 20. Bxg5 Bf6 21. Qd2 Kh8 22. c3
dxc3 23. bxc3 Nc6 24. Rab1 b5 25. Bh5 b4 26. Nc4 bxc3 27. Qa2 Bb5 28. Nd6 Bxd3
29. Rb7 Rb8 30. Qd5 Rxb7 31. Qxd3 Nb6 32. Be3 Nc8 33. Bxc5 Nxd6 34. Qxa6 Nb4
35. Qe2 Qc7 36. Be3 Qc4 0-1

[Event "IV Open A Carnevale"]
[Site "Viareggio ITA"]
[Date "1999.02.19"]
[Round "1"]
[White "Ambrosio, Giuseppe"]
[Black "Burgassi, Daniele"]
[Result "0-1"]
[WhiteElo "2108"]
[BlackElo "1579"]
[PlyCount "78"]
[EventDate "1999.02.19"]

1. d4 Nf6 2. Bg5 Ne4 3. Bf4 d5 4. f3 Nf6 5. e4 dxe4 6. Nc3 Bf5 7. Qd2 e6 8.
O-O-O Bb4 9. Qe2 Bxc3 10. bxc3 Nd5 11. Bd2 e3 12. Be1 Qd6 13. Qb5+ c6 14. Qb3
b5 15. Bg3 Qe7 16. Ne2 Nd7 17. Nf4 N7b6 18. Nd3 a5 19. Nc5 a4 20. Qb2 O-O 21.
a3 Nc4 22. Bxc4 bxc4 23. Rde1 Ra5 24. Qa2 Qg5 25. Qxc4 e2+ 26. f4 Nxf4 27. Kb1
Rb5+ 28. Ka1 Bxc2 29. Bxf4 Qxf4 30. Qxe2 Bg6 31. Qe3 Qf5 32. Rhf1 Qc2 33. Qc1
Qxg2 34. Rg1 Qd5 35. Qd2 Rfb8 36. h4 Rxc5 37. Qh2 Qb3 38. Qxb8+ Qxb8 39. dxc5
Qb3 0-1

[Event "IV Open A Carnevale"]
[Site "Viareggio ITA"]
[Date "1999.02.19"]
[Round "1"]
[White "Bartolini, Sauro"]
[Black "Metrangolo, Antonio"]
[Result "0-1"]
[WhiteElo "1567"]
[BlackElo "1966"]
[PlyCount "72"]
[EventDate "1999.02.19"]

1. e4 c5 2. Nf3 e6 3. d4 cxd4 4. Nxd4 Nf6 5. Nc3 Bb4 6. Bd3 Nc6 7. Nxc6 bxc6 8.
Bd2 d5 9. e5 Nd7 10. Qg4 Bf8 11. Qe2 c5 12. Bb5 a6 13. Ba4 Rb8 14. O-O h5 15.
Nxd5 Rxb2 16. Bc3 Rb8 17. Rad1 Be7 18. Nf4 g6 19. Qd3 Rg8 20. Qc4 Kf8 21. Rd3
Kg7 22. Rfd1 Nb6 23. Nxh5+ gxh5 24. Qf4 Nd5 25. Rg3+ Bg5 26. Rxg5+ Kh6 27.
Rxg8+ Nxf4 28. Rgxd8 Ne2+ 29. Kf1 Nxc3 30. Bc6 Nxd1 31. Rxd1 a5 32. Ke2 Rb2 33.
Rd8 Ba6+ 34. Kf3 Rxc2 35. Rh8+ Kg7 36. Rxh5 Be2+ 0-1

[Event "IV Open A Carnevale"]
[Site "Viareggio ITA"]
[Date "1999.02.19"]
[Round "1"]
[White "Bertolini, Marcello"]
[Black "Timpani, Nicola"]
[Result "0-1"]
[WhiteElo "1582"]
[BlackElo "2110"]
[PlyCount "78"]
[EventDate "1999.02.19"]

1. d4 Nf6 2. c4 e6 3. Nc3 Bb4 4. e3 b6 5. Bd3 Bb7 6. Nf3 Ne4 7. Bxe4 Bxe4 8.
O-O Bb7 9. d5 Bxc3 10. bxc3 Qf6 11. Bb2 Na6 12. e4 O-O 13. Qd4 Qf4 14. Bc1 Qd6
15. Re1 Qc5 16. Ne5 d6 17. Nd3 Qxd4 18. cxd4 c6 19. Nf4 exd5 20. cxd5 cxd5 21.
Ba3 dxe4 22. Bxd6 Rfd8 23. Ba3 Rxd4 24. Bb2 Rd2 25. Bc3 Rc2 26. Bd4 h6 27. Nh5
Rd8 28. Bxg7 Rd5 29. Nf6+ Kxg7 30. Nxd5 Bxd5 31. a3 Nc5 32. Re3 f5 33. g3 Nd3
34. Rd1 Ra2 35. f3 Rxa3 36. fxe4 fxe4 37. Rd2 b5 38. Kf1 b4 39. Ke2 b3 0-1

[Event "IV Open A Carnevale"]
[Site "Viareggio ITA"]
[Date "1999.02.19"]
[Round "1"]
[White "Bucalossi, Romano"]
[Black "Femiano, Andrea"]
[Result "0-1"]
[WhiteElo "1600"]
[BlackElo "2188"]
[PlyCount "103"]
[EventDate "1999.02.19"]

1. e4 c5 2. Nf3 Nc6 3. d4 cxd4 4. Nxd4 Nf6 5. Nc3 d6 6. Be3 e5 7. Nxc6 bxc6 8.
Bc4 Be6 9. Bxe6 fxe6 10. O-O d5 11. Bg5 Be7 12. Bxf6 Bxf6 13. Qh5+ g6 14. Qg4
Qe7 15. a3 a5 16. Na4 Rb8 17. b3 O-O 18. Nc3 Kg7 19. a4 h5 20. Qe2 Qc5 21. Qd3
h4 22. Rae1 Rb4 23. Re2 Rh8 24. Rfe1 h3 25. g3 Rf8 26. Na2 Rb7 27. Qc3 Qb6 28.
Nc1 c5 29. Nd3 c4 30. bxc4 dxc4 31. Qxc4 Qd6 32. Qc5 Qb8 33. Qxa5 Rc8 34. Nc5
Ra7 35. Nxe6+ Kf7 36. Qb5 Qd6 37. Qd5 Qa3 38. Qb3 Qd6 39. g4 Ke8 40. g5 Rb8 41.
Qxh3 Rh7 42. Qg4 Be7 43. c4 Rb6 44. c5 Qxe6 45. Qxe6 Rxe6 46. Rc2 Bxg5 47. c6
Rc7 48. Ra1 Rexc6 49. Rxc6 Rxc6 50. a5 Re6 51. Kg2 Bd8 52. Kg3 0-1

[Event "IV Open A Carnevale"]
[Site "Viareggio ITA"]
[Date "1999.02.19"]
[Round "1"]
[White "Ficco, Corrado"]
[Black "Ascani, Luca"]
[Result "1-0"]
[WhiteElo "2193"]
[BlackElo "1600"]
[PlyCount "76"]
[EventDate "1999.02.19"]

1. e4 c5 2. Nc3 d6 3. f4 Nc6 4. Nf3 Bg4 5. Bb5 Bd7 6. O-O a6 7. Bxc6 Bxc6 8. d4
cxd4 9. Nxd4 Nf6 10. Nxc6 bxc6 11. Qf3 d5 12. exd5 cxd5 13. f5 e6 14. fxe6 fxe6
15. Qh3 Bc5+ 16. Kh1 Qb6 17. Na4 Qc6 18. Nxc5 Qxc5 19. Qxe6+ Kd8 20. Be3 Qe7
21. Bb6+ Ke8 22. Qc6+ Kf7 23. Rae1 Qb4 24. Qxd5+ Kg6 25. Qf5+ Kf7 26. Bc5 Qb7
27. Qh5+ g6 28. Qe5 Rhe8 29. Rxf6+ Kg8 30. Re6 Rxe6 31. Qxe6+ Qf7 32. h3 a5 33.
Qxf7+ Kxf7 34. Re7+ Kg8 35. Ra7 Rb8 36. Bd4 Rb5 37. Rg7+ Kf8 38. Rxh7 Rb4 1-0

[Event "IV Open A Carnevale"]
[Site "Viareggio ITA"]
[Date "1999.02.19"]
[Round "1"]
[White "Laketic, Gojko"]
[Black "Fragni, Enrico"]
[Result "1-0"]
[WhiteElo "2396"]
[BlackElo "1603"]
[PlyCount "56"]
[EventDate "1999.02.19"]

1. d4 Nf6 2. c4 e6 3. Nc3 Bb4 4. f3 c5 5. d5 exd5 6. cxd5 d6 7. e4 Nbd7 8. Nge2
Ne5 9. Ng3 Bd7 10. Be2 h6 11. O-O a6 12. f4 Ng6 13. Nf5 Bxf5 14. exf5 Ne7 15.
g4 Qc7 16. Bf3 O-O-O 17. a3 Ba5 18. Be3 b5 19. Bf2 Bb6 20. b4 Kb7 21. Rc1 cxb4
22. Nxb5 Bxf2+ 23. Rxf2 axb5 24. Rxc7+ Kxc7 25. Rc2+ Kd7 26. g5 Nfg8 27. Bg4 f6
28. Qe2 hxg5 1-0

[Event "IV Open A Carnevale"]
[Site "Viareggio ITA"]
[Date "1999.02.19"]
[Round "1"]
[White "Lemma, Vittorio"]
[Black "Tamburini, Lorenzo"]
[Result "0-1"]
[WhiteElo "2016"]
[BlackElo "1573"]
[PlyCount "78"]
[EventDate "1999.02.19"]

1. e4 e5 2. Nf3 Nf6 3. d3 Nc6 4. g3 Bb4+ 5. c3 Bc5 6. Bg2 O-O 7. h3 d5 8. Qe2
dxe4 9. dxe4 h6 10. Nbd2 Be6 11. Nf1 Re8 12. g4 Qd7 13. Ng3 Rad8 14. O-O Qd3
15. Qxd3 Rxd3 16. g5 hxg5 17. Bxg5 Nh7 18. Rfd1 Rxf3 19. Bxf3 Nxg5 20. Bg2
Nxh3+ 21. Bxh3 Bxh3 22. Rd5 Bd6 23. b4 Be6 24. Rd2 a5 25. a3 axb4 26. axb4 b6
27. Kg2 g6 28. Rh1 Kg7 29. f3 Ra8 30. Ne2 Bc4 31. Kf2 Ra3 32. Rc2 Na7 33. Ke3
Bxb4 34. Rhc1 Be7 35. f4 exf4+ 36. Kxf4 Nb5 37. Nd4 g5+ 38. Kf5 Nxd4+ 39. cxd4
Be6+ 0-1

[Event "IV Open A Carnevale"]
[Site "Viareggio ITA"]
[Date "1999.02.19"]
[Round "1"]
[White "Pastorini, Mario"]
[Black "Sorrentino, Maria"]
[Result "1-0"]
[WhiteElo "2161"]
[BlackElo "1585"]
[PlyCount "113"]
[EventDate "1999.02.19"]

1. c4 e6 2. Nf3 Nf6 3. g3 c5 4. Nc3 Nc6 5. Bg2 Be7 6. O-O O-O 7. d4 d5 8. cxd5
exd5 9. dxc5 Bxc5 10. Bg5 d4 11. Ne4 Be7 12. Nxf6+ Bxf6 13. Bxf6 Qxf6 14. Qd2
Be6 15. Rfd1 Rad8 16. b3 Rd7 17. Qg5 Qf5 18. Rd2 Rfd8 19. Qxf5 Bxf5 20. Ne1 a5
21. Nd3 Bxd3 22. Rxd3 Ne5 23. Rd2 d3 24. e3 Rc7 25. Rad1 Rdc8 26. f4 Ng4 27.
Rxd3 Rc1 28. Bxb7 Rxd1+ 29. Rxd1 Rb8 30. e4 Kf8 31. Rd7 Re8 32. e5 f6 33. Bd5
Rc8 34. e6 Rc1+ 35. Kg2 Ne3+ 36. Kf3 Nf5 37. e7+ Ke8 38. Ra7 Rc5 39. Be4 Rc3+
40. Kf2 Nxe7 41. Rxa5 g6 42. Rb5 Kd7 43. a4 f5 44. Bf3 Nc8 45. Rb7+ Kd6 46. a5
Rc2+ 47. Ke3 Rc7 48. Rxc7 Kxc7 49. b4 Nd6 50. Bd5 Nb5 51. Kd3 Kd6 52. Bg8 h6
53. Kc4 Na3+ 54. Kb3 Nb5 55. Bc4 Nc7 56. b5 Kc5 57. b6 1-0

[Event "IV Open A Carnevale"]
[Site "Viareggio ITA"]
[Date "1999.02.19"]
[Round "1"]
[White "Ricci, Massimo"]
[Black "Ferraro, Francesco"]
[Result "0-1"]
[WhiteElo "1579"]
[BlackElo "2044"]
[PlyCount "54"]
[EventDate "1999.02.19"]

1. d4 d5 2. c4 e6 3. Nc3 Nf6 4. Bg5 Be7 5. Nf3 O-O 6. e3 h6 7. Bh4 b6 8. Rc1
Bb7 9. Bd3 Nbd7 10. O-O dxc4 11. Bxc4 c5 12. Qe2 Ne4 13. Nxe4 Bxh4 14. Nd6 Bxf3
15. Qxf3 cxd4 16. Nxf7 Qe7 17. Nxh6+ gxh6 18. Qg4+ Kh8 19. Bxe6 Nc5 20. Bd5
Rad8 21. Qxd4+ Qf6 22. Qc4 Bxf2+ 23. Kh1 Qe5 24. e4 Rde8 25. Rc2 Nxe4 26. Re2
Ng3+ 27. hxg3 Qh5+ 0-1

[Event "IV Open A Carnevale"]
[Site "Viareggio ITA"]
[Date "1999.02.19"]
[Round "2"]
[White "Burgassi, Daniele"]
[Black "Scalcione, Michelangelo"]
[Result "0-1"]
[WhiteElo "1579"]
[BlackElo "1966"]
[PlyCount "46"]
[EventDate "1999.02.19"]

1. e4 e5 2. d4 exd4 3. f4 d5 4. e5 Nc6 5. Nf3 Bb4+ 6. Nbd2 Nge7 7. a3 Nf5 8.
Bd3 Ba5 9. b4 Bb6 10. Nb3 O-O 11. g4 Ne3 12. Bxe3 dxe3 13. Bxh7+ Kxh7 14. Ng5+
Kg8 15. Qd3 g6 16. e6 Bxe6 17. Nxe6 Qh4+ 18. Kd1 Qxg4+ 19. Kc1 Qxe6 20. Kb2
Qf6+ 21. Ka2 a5 22. Rag1 axb4 23. Rg5 bxa3 0-1

[Event "IV Open A Carnevale"]
[Site "Viareggio ITA"]
[Date "1999.02.19"]
[Round "2"]
[White "Ceccatelli, Claudio"]
[Black "Laketic, Gojko"]
[Result "0-1"]
[WhiteElo "1735"]
[BlackElo "2396"]
[PlyCount "60"]
[EventDate "1999.02.19"]

1. d4 Nf6 2. Nf3 e6 3. c4 d5 4. Nc3 c6 5. Bf4 Be7 6. e3 Nh5 7. Be5 Nd7 8. a3 f6
9. Ng5 fxg5 10. Qxh5+ g6 11. Qg4 Nxe5 12. dxe5 O-O 13. Bd3 Qb6 14. Qe2 Qc7 15.
h4 gxh4 16. f4 d4 17. Qg4 dxc3 18. Bxg6 Bd8 19. Bf5+ Kh8 20. Bxe6 cxb2 21. Rd1
Bxe6 22. Qxe6 Qe7 23. Qxe7 Bxe7 24. Ke2 Rad8 25. Rb1 Rg8 26. Rh2 Bxa3 27. Rxh4
Rxg2+ 28. Kf3 Rdd2 29. f5 Rgf2+ 30. Ke4 Rc2 0-1

[Event "IV Open A Carnevale"]
[Site "Viareggio ITA"]
[Date "1999.02.19"]
[Round "2"]
[White "Femiano, Andrea"]
[Black "Pieraccini, Carlo Alberto"]
[Result "1-0"]
[WhiteElo "2188"]
[BlackElo "1730"]
[PlyCount "43"]
[EventDate "1999.02.19"]

1. e4 c6 2. d4 d5 3. Nc3 dxe4 4. Nxe4 Bf5 5. Ng3 Bg6 6. h4 h5 7. Nf3 Nd7 8. Bd3
Bxd3 9. cxd3 e6 10. O-O Ngf6 11. Re1 Be7 12. Rxe6 Nc5 13. Rxe7+ Qxe7 14. dxc5
O-O 15. Bf4 Rfe8 16. Bd6 Qe6 17. Ng5 Qg4 18. Qb3 Nd5 19. Qxb7 Qxh4 20. Qxf7+
Kh8 21. Qg6 Nf6 22. Nf5 1-0